000 00897nam a2200217 a 4500
008 120416s2003 ||||||||||||||||| || u
020 _a0521773563
050 _aTK 7868.D5 Jha
100 _aGupta, S. (Sandeep), 1962-
245 1 0 _aTesting of digital systems
260 _aCambridge:
_bCambridge University Press
_c2003
300 _axvi, 1000p.: ill.
350 _a0.00
500 _aIncludes bibliographical references and index.
650 _aDIGITAL INTEGRATED CIRCUITS--TESTING
700 _aJha, Niraj K
856 _uhttp://www.loc.gov/catdir/samples/cam041/2003277476.html
856 _uhttp://www.loc.gov/catdir/description/cam041/2003277476.html
856 _uhttp://www.loc.gov/catdir/toc/cam041/2003277476.html
995 _D0.00
_FCBU-MAIN LIBRARY (Kitwe)
_H1
_I41.90
_M1
_UAVAILABLE
_ZMain Library Open Access Collection
999 _c59665
_d59665